Venise - Choix Multiples - Statistiques

Statistiques générales
  • Ce quiz a été pris 4 917 fois
    4 812 depuis la dernière actualisation
  • Le résultat moyen est 6 sur 10
Statistiques - réponses
Question Réponse % Correct
Laquelle de ces images satellite a été prise au dessus de Venise ?
84%
Qu'est-ce qu'un vaporetto à Venise ? Un bateau-bus
75%
Quel titre portait le dirigeant de la République de Venise ? Doge
74%
Pour quel produit l'île de Murano est-elle célèbre ? Verre
69%
Laquelle de ces œuvres ne se déroule PAS à Venise ? Roméo et Juliette (1597)
66%
Quel explorateur vénitien du XIIIᵉ siècle a rencontré Kubilaï Khan ? Marco Polo
63%
Quelle récompense est remise lors de la Mostra de Venise ? Lion d'or
49%
Quel pont permet de traverser le Grand Canal ? Pont du Rialto
49%
Quelle décision inédite a été prise en 2021 pour protéger Venise du surtourisme ? L’interdiction des grands navires de croisière dans le centre
44%
Comment appelle-t-on les quartiers de Venise ? Les sestieri
37%
Aucun quiz correspondant
Distribution des résultats
% des personnes avec chaque résultat
Percentile par nombre de réponses
Votre historique - résultats
Vous n’avez pas pris ce quiz depuis la dernière actualisation